Países africanos por área - Statistics

Estatísticas Gerais
  • Esse quiz foi jogado 47 vezes
  • A pontuação média é 39 de 54
Estatísticas das Respostas
Área Dica País % Correto
2.381 mil km² A Argélia
97%
1.759 mil km² L Líbia
87%
1.267 mil km² N Níger
87%
1.861 mil km² S Sudão
87%
1.284 mil km² C Chade
85%
1.247 mil km² A Angola
82%
1.104 mil km² E Etiópia
82%
1.221 mil km² A África do Sul
79%
1.240 mil km² M Mali
79%
2.345 mil km² R República Democrática do Congo
79%
390 mil km² Z Zimbabue
79%
2,2 mil km² C Comores
77%
111 mil km² L Libéria
77%
825 mil km² N Namíbia
77%
580 mil km² Q Quênia
77%
752 mil km² Z Zâmbia
77%
475 mil km² C Camarões
74%
267 mil km² G Gabão
74%
28 mil km² G Guiné Equatorial
74%
801 mil km² M Moçambique
74%
451 km² S Seychelles
74%
945 mil km² T Tanzânia
74%
581 mil km² B Botswana
72%
4 mil km² C Cabo Verde
72%
23 mil km² D Djibouti
72%
245 mil km² G Guiné
72%
30 mil km² L Lesoto
72%
587 mil km² M Madagascar
72%
1.030 mil km² M Mauritânia
72%
923 mil km² N Nigéria
72%
622 mil km² R República Centro-Africana
72%
26 mil km² R Ruanda
72%
644 mil km² S Sudão do Sul
72%
241 mil km² U Uganda
72%
112 mil km² B Benim
69%
27 mil km² B Burundi
69%
1.001 mil km² E Egito
69%
117 mil km² E Eritreia
69%
17 mil km² E Eswatini
69%
10 mil km² G Gâmbia
69%
710 mil km² M Marrocos
69%
2 M mil km² M Maurício
69%
36 mil km² G Guiné-Bissau
67%
964 km² S São Tomé e Príncipe
67%
71 mil km² S Serra Leoa
67%
637 mil km² S Somália
67%
274 mil km² B Burkina Fasso
64%
342 mil km² C Congo
64%
196 mil km² S Senegal
64%
56 mil km² T Togo
64%
163 mil km² T Tunísia
64%
118 mil km² M Malawi
62%
238 mil km² G Gana
59%
322 mil km² C Costa do Marfim
51%
Nenhum quiz correspondente encontrado
Distribuição das Pontuações
Porcentagem de Pessoas com Cada Pontuação
Percentil de Números Respondidos
Sua Pontuação Histórica
Você não jogou esse quiz